000
00199nam a2200097Ia 4500
999
_c
6400
_d
6400
100
_a
Cheema, Cheema
245
0
_a
Business Law
260
_a
Karachi
_b
Petiwala Book
_c
2010
300
_a
360
942
_c
BK